A guerra e a paz (Registo nº 4281)

Detalhes MARC
000 -Etiqueta do registo
Cabeçalho 01024cam a2200337 4500
005 - Identificador da versão
Campo de controlo 20240813122057.0
010 ## - Número internacional normalizado dos livros (ISBN)
Número (ISBN) 9727103154
021 ## - Número do Depósito Legal
Código do país PT
Número 182667/02
100 ## - Dados gerais de processamento
Dados gerais de processamento 20021024d2002 da y0pory5003 ba
102 ## - Pais de publicação ou produção
País de publicação Portugal
101 1# - Língua de publicação
Língua do texto, banda sonora, etc. Português
Língua do documento no original Francês
106 ## - Campo de dados codificados: material textual
Dados codificados do material textual r
105 ## - Campo de dados codificados: livros
Dados codificados dos livros a z 001yy
215 ## - Descrição física 
Indicação específica da natureza do documento e extensão da espécie 39, [1] p.
Outras indicações físicas il.
Dimensões 18 cm
200 1# - Titulo e menção de responsabilidade
Título próprio A guerra e a paz
Primeira menção de responsabilidade Brigitte Labbé, Michel Puech
Outras menções de responsabilidade il. Jacques Azam
-- trad. Maria Laura Matos, José Maria Silva
225 1# - Colecção 
Título próprio da colecção Filosofia para crianças
Indicação de volume 4
205 ## - Menção da edição
Menção da edição 1a ed
210 ## - Publicação, Distribuição, etc. 
Lugar da edição, distribuição, etc. Lisboa
Nome do editor, distribuidor, etc. Terramar
Data da publicação, distribuição, etc. 2002
304 ## - Notas relativas a título e menção de responsabilidade 
Texto da nota Tít. orig.: La guerre et la paix
675 ## - Classificação Decimal Universal (CDU)
Notação 087.5
Edição BN
Língua da edição por
Notação 17.02(0.053.2)
Edição BN
Língua da edição por
Notação 327(0.053.2)
Edição BN
Língua da edição por
702 #1 - Nome de autor-pessoa física (responsabilidade secundária)
Número de registo de entrada de autoridade 0001023
Palavra de ordem Azam
Outra parte do nome não tomada para palavra de ordem Jacques
Código de função Ilustrador / Técnico de desenho computorizado
Número de registo de entrada de autoridade 0001024
Palavra de ordem Matos
Outra parte do nome não tomada para palavra de ordem Maria Laura
Código de função Tradutor
Número de registo de entrada de autoridade 0001025
Palavra de ordem Silva
Outra parte do nome não tomada para palavra de ordem José Maria
Código de função Tradutor
701 #1 - Nome de autor-pessoa física (co-responsabilidade principal)
Palavra de ordem Puech
Outra parte do nome não tomada para palavra de ordem Michel
Código de função Autor / Co-autor
700 #1 - Nome de autor-pessoa física (responsabilidade principal)
Número de registo de entrada de autoridade 0001021
Palavra de ordem Labbé
Outra parte do nome não tomada para palavra de ordem Brigitte
942 ## - Elementos de entrada adicionados (Koha)
Tipo de item no Koha Livro
Exemplares
Situação do levantamento Origin of item (home branch) (coded) Biblioteca de empréstimo Código de barras Cota Circulation type (not for loan) Tipo de documento Nota do exemplar Damaged status
  Biblioteca Escolar das Vendas Biblioteca Escolar das Vendas BEV745 1FIL LAB   Livro Sem mensagem